Top 15 Marvel characters - Statistics

General Stats
  • This quiz has been taken 19 times
  • The average score is 9 of 15
Answer Stats
# Answer % Correct
1 Captain America
100%
6 Iron Man
100%
11 Hulk
95%
15 Spiderman
95%
10 Thor
95%
14 Wolverine
68%
7 Deadpool
53%
13 Doctor Strange
53%
5 Magneto
47%
12 Scarlet Witch
47%
3 Thanos
47%
8 Ultron
37%
2 Winter soldier
37%
9 Moon Knight
26%
4 The Punisher
21%
No matching quizzes found
Score Distribution
Percent of People with Each Score
Percentile by Number Answered
Your Score History
You have not taken this quiz